| 000 | 00707nam a22002057a 4500 | ||
|---|---|---|---|
| 999 |
_c189488 _d189488 |
||
| 005 | 20220701161413.0 | ||
| 010 | _aENG-133421 | ||
| 020 |
_a9789391370336 _c595.00 |
||
| 035 | _aEN-116753 | ||
| 037 | _bDBAD/PUB | ||
| 082 | _a658.4063 | ||
| 100 | _aPingali, Srinivas R. | ||
| 245 |
_aDigital Transformation Strategies: _bTheory and Practice/ _cSrinivas R. Pingali, Shankar Prakash and Jyothi R. Korem |
||
| 260 |
_aNew Delhi _bSage Publications India Pvt. Ltd _c2021 |
||
| 270 |
_aB1/I-I Mohan Cooperative Industrial Area Mathura Road _bNew Delhi _e110044 |
||
| 300 |
_avp. _c23cm(pbk) |
||
| 700 | _aPrakash, Shankar | ||
| 700 | _aKorem, Jyothi R. | ||
| 942 |
_2ddc _cEN _h658.4063 _mPIN |
||